Japanese postage stamps (third edition 1962) (Record no. 2492)

000 -LEADER
fixed length control field 00509nam a22000977a 4500
008 - FIXED-LENGTH DATA ELEMENTS--GENERAL INFORMATION
fixed length control field 170925b xxu||||| |||| 00| 0 eng d
100 ## - MAIN ENTRY--AUTHOR'S NAME
Author's Name Yamamoto, Yokichi
245 ## - TITLE STATEMENT
Title Japanese postage stamps (third edition 1962)
260 ## - PUBLICATION, DISTRIBUTION, ETC. (IMPRINT)
Place of publication, distribution, etc. Tokyo
Name of publisher, distributor, etc. Japan Travel Bureau
Date of publication, distribution, etc. 1962
650 ## - TOPICAL TERM (Tag)
Topical term or geographic name Japan | Stamps -- Histories | Designs | Production | Definitive Issues | Commemorative Issues | Semi-postal Issues | Military and War Issues | Offices Abroad | Offices in Korea | Offices in China | Occupation Issues | Catalogs and Price Lists
Holdings
Withdrawn status Lost status Source of classification or shelving scheme Damaged status Koha normalized classification for sorting Not for loan Permanent Location Current Location Shelving location Date acquired Total Checkouts Full call number Barcode Date last seen Copy number Price effective from
        G7960 A11 Y21   Northern Philatelic Library Northern Philatelic Library General Stacks 09/25/2017   G7960 A11 Y21 1002990 09/25/2017 1 09/25/2017

Powered by Koha